000 00480nam a2200145Ia 4500
020 _a1561343102 :
040 _cCLE
100 1 _aHigginbotham, Timothy E.
245 1 3 _aAn activities approach to Microsoft Works for teachers :
_bMacintosh version /
246 3 0 _aMicrosoft Works for teachers
260 _aMadison, Wis. :
_bBrown & Benchmark,
_cc1996.
300 _avi, 458 p. :
_bill. ;
_c24 cm. +
_e1 computer disk (3 1/2 in.).
650 0 _aIntegrated software.
942 _cAEDBB
999 _c12597
_d12597